000 00578nam a22002057a 4500
999 _c3760
_d3760
003 GBCCL
005 20241126110502.0
008 171208b xxu||||| |||| 00| 0 eng d
020 _a81-7214-279-X
040 _cgbc
082 _a224.1061
_bHAM
100 _aHamlin, E. John
_97423
245 2 _aA guide to Isaiah 40-66 /
_cE. John Hamlin
250 _a3rd Ed.
260 _bISPCK,
_aDelhi:
_c1995
300 _a230 p.;
_bill.,
_e23 cm.
440 _aISPCK International Study Guide
_v16
_99322
650 _aBible
_vOld Testament
_xIsaiah 40-66
_911039
942 _e3rd
_2ddc
_cBK
_017